1068 1765 1084 1855 1603 1412 1345 1886 1951 1644 1855 1675 1950 1563 1368 1492 1219 1282 1759 1970 1930 1142 1050 1640 1420 1796 1770 1114 1888 1682 1117 1692 1431 1640 1111 1551 1991 1315 1722 1042 1239 1417 1308 1729 1209 1452 1585 1663 1119 1205 1912 1272 1450 1944 1543 1314 1825 1792 1263 1329 1932 1799 1926 1532 1765 1275 1494 1579 1134 1116 1509 1460 1161 1466 1773 1897 1577 1219 1157 1547 1490 1598 1369 1930 1699 1180 1475 1540 1893 1060 1802 1368 1653 1881 1340 1732 1249 1815 1507 BCNSPRNW ULIB Ver.6.0+V

เปลี่ยนเป็นภาษาไทย

Change to English
 แสดงรายละเอียดบรรณานุกรม
  กลับหน้าหลัก

Brief Record : Get Marc (ISO 2709) : E-mail record : QR code < ปิดหน้าต่าง
LEADER : 00000nam 2200000uu 4500
001    13399120276
003     ULIB
008    120918s2548||||th 000 0 tha d
020    ^a9746434594 (ล.3)
060 04 ^aWY160^bส719ก ล.3 2548
110 2  ^aมหาวิทยาลัยสุโขทัยธรรมาธิราช. ^bสาขาวิชาพยาบาลศาสตร์
245 10 ^aการส่งเสริมสุขภาพจิตและการพยาบาลจิตเวชหน่วยที่ 11-15 =^bMental healthpromotion and psychiatric nursing /^cสาขาวิชาพยาบาลศาสตร์ มหาวิทยาลัยสุโขทัยธรรมาธิราช
250    ^aพิมพ์ครั้งที่ 3
260    ^aนนทบุรี :^bสำนักพิมพ์มหาวิทยาลัยสุโขทัยธรรมาธิราช,^c2548
300    ^a3 ล. ;^c30 ซม.
500    ^a"เอกสารการสอนชุดวิชา 51102 หน่วยที่ 1-7, 8-10, 11-15" --หน้าปกใน
650  7 ^aการพยาบาลจิตเวชศาสตร์
650  7 ^aการส่งเสริมสุขภาพจิต
945    ^p0^l0^i24422
995    ^aวิภา
999 ^a ใช้งานได้ทุกระบบ
รายการนี้ยังไม่มีแท็ก
คุณยังไม่ได้ล็อกอิน คุณสามารถมีกิจกรรมร่วมกับเว็บไซต์ได้ แต่ต้องล็อกอินก่อน ::
  ล็อกอิน

รายการสื่อสารสนเทศ

ลำดับที่ ประเภท เลขเรียก/บาร์โค้ด สถานที่ สถานะ
1. Book การพยาบาล
Book การพยาบาล
สถานะ=หนังสือเก่า
WY160 ส719ก ล.3 2548  
  Barcode: 24422
ห้องสมุดวิทยาเขตนครสวรรค์
►หนังสือทั่วไป:l:General Books
บนชั้น

รายการใกล้เคียง
    หัวเรื่อง [การพยาบาลจิตเวชศาสตร์]
    หัวเรื่อง [การส่งเสริมสุขภาพจิต]

BibComment


ยังไม่เคยถูกคอมเมนท์

คอมเมนท์ทรัพยากรรายการนี้
  คอมเมนท์: การส่งเสริมสุขภา..


 Copyright 2026. Bcnsprnw @Library